Manual de Preparación Ciencias: Física. Módulo optativo 3§ y 4§ medio

保存先:
書誌詳細
主要な著者: Ormazábal Díaz-Muñoz, Miguel Ramón (autor), Bravo Lutz, Oscar (著者), Gazzolo Torrealba, Luz María (著者)
フォーマット: 図書
言語:スペイン語
出版事項: Santiago Ediciones Universidad Católica de Chile 2004
版:1a. ed
シリーズ:Prueba de selección universitaria: contenidos 2004-2006
主題:
タグ: タグ追加
タグなし, このレコードへの初めてのタグを付けませんか!

MARC

LEADER 00000nam a2200000 a 4500
001 UCH6440
003 CL-VaPUC
008 091109e20040000CL |||||||||||||||||spa|d
020 |a 9561407582 
082 0 4 |a 530.7  |b ORM  |2 21 
100 |a Ormazábal Díaz-Muñoz, Miguel Ramón  |e autor  |9 549283 
700 0 |a Bravo Lutz, Oscar  |e author  |9 542953 
700 0 |a Gazzolo Torrealba, Luz María  |e author  |9 542954 
245 1 0 |a Manual de Preparación Ciencias: Física. Módulo optativo 3§ y 4§ medio 
250 |a 1a. ed 
300 |a 353 p 
942 |c BK 
945 |d 20091109 00:00:00  |a ccalabra 
260 |a Santiago  |b Ediciones Universidad Católica de Chile  |c 2004 
650 0 |a Educación  |9 258661 
650 0 |a Física   |9 227844 
650 7 |a PRUEBAS EDUCACIONALES  |2 CL-VaPUC  |9 415967 
650 0 |a Ejercicios   |9 269807 
650 0 |a Mecánica   |9 260096 
650 0 |a Electricidad  |9 260222 
650 0 |a Magnetismo  |9 260336 
650 0 |a Átomos  |9 259583 
651 7 |a CHILE  |2 CL-VaPUC  |9 542955 
583 |a last modification  |c 20091109 00:00:00  |k Rodrigo Vera 
490 0 |a Prueba de selección universitaria: contenidos 2004-2006 
999 |c 337323  |d 337321